Harmful cyanobacteria
Αποθηκεύτηκε σε:
| Άλλοι συγγραφείς: | , , |
|---|---|
| Μορφή: | Βιβλίο |
| Γλώσσα: | English |
| Δημοσίευση: |
Dordrecht :
Springer,
2005
|
| Σειρά: | Aquatic ecology series ;
; 3 |
| Θέματα: | |
| Ετικέτες: |
Προσθήκη ετικέτας
Δεν υπάρχουν, Καταχωρήστε ετικέτα πρώτοι!
|
MARC
| LEADER | 00000nam a2200000 i 4500 | ||
|---|---|---|---|
| 001 | 1/92292 | ||
| 008 | 080826s2005 eng d | ||
| 020 | |a 1-4020-3009-6 | ||
| 035 | |l 10099575 | ||
| 040 | |a GR-MY-UA |b gre |e aacr | ||
| 041 | 0 | |a eng | |
| 082 | 0 | |a 579.39 |2 (22) | |
| 245 | 1 | 0 | |a Harmful cyanobacteria / |c edited by Jef Huisman and Hans C.P. Matthijs and Petra M. Visser |
| 260 | |a Dordrecht : |b Springer, |c 2005 | ||
| 300 | |a xiii, 241 σ.; |b εικ. (μερ. έγχρ.); |c 25 εκ. | ||
| 490 | 1 | |a Aquatic ecology series |v ; 3 | |
| 504 | |a Περιέχει βιβλιογραφικές παραπομπές και ευρετήριο | ||
| 650 | 0 | 0 | |a Cyanobacteria. |
| 700 | 1 | |a Huisman, Jef |d 1968- |4 edt | |
| 700 | 1 | |a Matthijs, Hans C. P. |4 edt | |
| 700 | 1 | |a Visser, P. M. |q (Petra M.) |4 edt | |
| 830 | 0 | |a Aquatic ecology series ; |v ; 3 | |
| 852 | |a INST |b LESVOS |e 20080826 |h 579.39 HAR |p 005100042955 |q 005100042955 |t BK |y 0 | ||
| 901 | |a BIBL1-2008-2 | ||
| 909 | |a Λ |b 145455 | ||
| 922 | |a 1ΕΛΗ |b 200801 |c ΕΠΕΑΕΚ2/ΤΕΘ |d ΠΑΠΑΣΩΤΗΡΙΟΥ | ||
| 970 | |a ΚΑΡΑ |b ΓΙΑΣΕΜΗ |z 2008/08/26 | ||